000 00333nam a2200133Ia 4500
008 240624s9999 xx 000 0 und d
041 _aeng
082 _a020 MAH
100 _aMAHAPATRA P K
245 _aREDESIGNING THE LIBRARY
260 _c2006
_aNew Delhi
_bEss Ess Publications
300 _a289 : p. : cm. ; 21
365 _cRS
_b20
999 _c8408
_d8408